Statistics for The Hobbit An Unexpected Journey

Click here to take the quiz!

General Stats

  • This quiz has been taken 47 times
  • The average score is 26 of 34

Answer Stats

HintAnswer% Correct
Who is the hobbit that goes on the adventureBilbo Baggins
94%
Who is the dwarf kings grandson that begins the journey to reclaim their home, also hates elvesThorin
94%
DwarfBombur
91%
DwarfFili
91%
DwarfKili
91%
Who is the Dark Lord, making his return soon to Middle EarthSauron
88%
Who is the dragon that takes the mountain and the dwarves goldSmaug
88%
DwarfBalin
85%
DwarfDori
85%
DwarfDwalin
85%
Who is the Lord of the Elven cityElrond
85%
Who is the Elven woman that is at the White CouncilGaladriel
85%
What is the creature that the hobbit finds in a cave, loses it's "Precious"Gollum
85%
DwarfOri
85%
Dwarf Bifur
82%
DwarfBofur
82%
Who is the wizard that tricks the hobbit into hosting a party for the dwarvesGandalf the Grey
82%
DwarfGloin
82%
DwarfOin
82%
What are the animals that save the company when the trees are on fire and wargs are there to kill the companyEagles
79%
DwarfNori
79%
What is the mountain called that the dwarves lived atThe Lonely mountain
79%
Who is the wizard that cares for the animals of GreenwoodRadagast the Brown
76%
Who is the Orc that is hunting down the Dwarf King, the old king was killed by this orc that swore to end the line of OkenshieldAzog
74%
Who is the king of the Wood ElvesKing Thranduil
74%
What is the Elven city called that the company takes shelter atRivendell
74%
What is the hobbit's sword called Sting
74%
Who is the dwarf king that brings an era of prosperity to the dwarves Thror
74%
When is the mountains secret door visible, known as a dayDurin's Day
71%
Who is the third wizard, the wisest of the three wizardsSaruman the White
71%
What town does the dragon burn down in front of the mountainDale
53%
Who is the leader in one of the mountains that the company takes shelter inThe Great Goblin
50%
How many years prior does the movie begin before Lord of the Rings60 years
26%
When the company is on the Misty Mountains, what are the giants that have a giant rock WarStone Giants
26%

Score Distribution

Percentile by Number Answered

Percent of People with Each Score

Your Score History

You have not taken this quiz